Manufacturing recovery sluggish (Record no. 118247)

MARC details
000 -LEADER
fixed length control field 01063cam a2200205 4500
001 - CONTROL NUMBER
control field WB@3612-258
008 - FIXED-LENGTH DATA ELEMENTS--GENERAL INFORMATION
fixed length control field 041028n2004 000 0 eng u
035 ## - SYSTEM CONTROL NUMBER
System control number (Sirsi) u127861
245 ## - TITLE STATEMENT
Title Manufacturing recovery sluggish
260 ## - PUBLICATION, DISTRIBUTION, ETC.
Date of publication, distribution, etc. 2004
490 ## - SERIES STATEMENT
Series statement CBI News Release
Volume/sequential designation 26 October 2004 (4)
520 ## - SUMMARY, ETC.
Summary, etc. The latest CBI "Industrial trends survey" has been published. It reports that 31% of manufacturers reported higher orders in the last quarter and 27% reported a fall. The balance of +4% compares to +2% the previous quarter. Output increased for the fourth successive quarter, but growth was at the slowest rate this year. Production is expected to hold up in the next three months, with an expected balance of +14%. But new orders are expected to grow at a much slower pace of +3% during the period. For further details see the website. http://www.cbi.org.uk/home.html
590 ## - LOCAL NOTE (RLIN)
Local note WB
590 ## - LOCAL NOTE (RLIN)
Local note WB
650 ## - SUBJECT ADDED ENTRY--TOPICAL TERM
Topical term or geographic name entry element MANUFACTURING OUTPUT
650 ## - SUBJECT ADDED ENTRY--TOPICAL TERM
Topical term or geographic name entry element EXPORT ORDERS
650 ## - SUBJECT ADDED ENTRY--TOPICAL TERM
Topical term or geographic name entry element INDUSTRIAL TRENDS
690 ## - LOCAL SUBJECT ADDED ENTRY--TOPICAL TERM (OCLC, RLIN)
Topical term or geographic name as entry element ECONOMIC ISSUES
942 ## - ADDED ENTRY ELEMENTS (KOHA)
Suppress in OPAC 0
Holdings
Withdrawn status Lost status Source of classification or shelving scheme Damaged status Not for loan Home library Current library Shelving location Date acquired Total Checkouts Full call number Barcode Date last seen Copy number Price effective from Koha item type
    Dewey Decimal Classification     London London News article 28/10/2004   WB4041-05 127861-1001 06/08/2019 1 06/08/2019 News article